00602 2200229 4500001002100000005001500021035002000036007000300056008004100059020001800100082001100118084001700129100001800146245005800164260002900222300003800251650001500289650001400304700002400318505001200342990001800354INLIS00000000000989220260416010805 a0010-0426000264ta260416 g 0 eng  a0-471-23995-X a616.24 a616.24 FRA t0 aFrancois Haas1 aThe Chronic Bronchitis and Emphysema /cFrancois Haas aNew York :bWiley,c2000 axvi, 317 hlm :bilus. ;c14x20 cm 4aBronchitis 4aEmphysema0 aSheila Sperber Haas ahlm.317 a2025002233276